Rides in Tomorrowland (LA Disneyland) - Statistics

General Stats
  • This quiz has been taken 30 times
  • The average score is 4 of 8
Answer Stats
Hint Answer % Correct
Blast off on this famous roller coaster Space Mountain
88%
A 3D motion simulator that takes you to a galaxy far, far away Star Tours – The Adventures Continue
88%
Have fun driving your own car - no license required! Autopia
75%
One of Disneyland's transportation options Disneyland Monorail System
63%
Spin round in your very own rocket Astro Orbiter
46%
Join your favourite fish on an underwater adventure Finding Nemo Submarine Voyage
42%
To infinity and beyond! Buzz Lightyear Astro Blasters
38%
Is the force with you? Jedi Training: Trials of the Temple
8%
No matching quizzes found
Score Distribution
Percent of People with Each Score
Percentile by Number Answered
Your Score History
You have not taken this quiz